000 00292nam a22001337a 4500
008 171016b xxu||||| |||| 00| 0 eng d
020 _a0814792405
041 _aeng
080 _a33
100 _a52
101 _aEKO
245 _aECONOMIC ORGANIZATION
_c WILLIAMSON,O.E
942 _2udc
_cBK
999 _c34069
_d34069